Analýza podnikateľských modelov a významu ľudských zdrojov personálno - poradenských podnikov na Slovensku

Analýza súčasného stavu podnikateľských modelov personálno–poradenských podnikov. Význam ľudských zdrojov. Ľudský kapitál v podobe zamestnancov nositeľov know-how a kvality poskytovaných služieb a v podobe kandidátov predstavuje pre podnik zdroj príjmov.

Salvato in:
Dettagli Bibliografici
Autore principale: Pfundtnerová, Martina
Natura: Capitolo di libro
Lingua:slovacco
Soggetti:
Tags: Aggiungi Tag
Nessun Tag, puoi essere il primo ad aggiungerne!!

MARC

LEADER 00000nla a2200000 4500
001 0181296
005 20240502073117.7
041 0 |a slo 
044 |a SK 
245 1 0 |a Analýza podnikateľských modelov a významu ľudských zdrojov personálno - poradenských podnikov na Slovensku  |c Martina Pfundtnerová 
520 |a Analýza súčasného stavu podnikateľských modelov personálno–poradenských podnikov. Význam ľudských zdrojov. Ľudský kapitál v podobe zamestnancov nositeľov know-how a kvality poskytovaných služieb a v podobe kandidátov predstavuje pre podnik zdroj príjmov. 
610 2 0 |a služby poradenské 
610 2 0 |a modely podnikateľské 
610 2 0 |a zdroje ľudské 
610 2 0 |a agentúry 
610 2 0 |a personalistika 
100 1 |a Pfundtnerová, Martina